000 00800nam a2200193Ii 4500
003 JO-AjNU
008 230605s9999||||xx |||||||||||||| ||und||
040 _aJO-AjNU
_bara
_erda
_cJO-AjNU
041 _aara
050 1 4 _aHT148.M8. Q2764 1993
100 3 _aالقصير، عبدالقادر,
_eauthor
_937926
245 0 0 _aإحياء الصفيح : دراسة ميدانية في علم الاجتماع الحضري : المجتمع المغربي
264 3 1 _aبيروت: دار النهضة العربية، 1993
300 _a240ص
_bيحتوي على ببلوغرافية وملاحق من 217-240ص
336 _atext
_btxt
_2rdacontent
337 _aunmediated
_bn
_2rdamedia
338 _avolume
_bnc
_2rdacarrier
650 4 _a علم الاجتماع الحضري - المغرب 
_937927
999 _aA15891
_c19459
_d19459